Personnages Disney/Pixar en images - A - Statistiques

Statistiques générales
  • Ce quiz a été pris 1 281 fois
  • Le résultat moyen est 10 sur 20
Statistiques - réponses
Par images Réponse % Correct
Aladdin
100%
Ariel
99%
Alice
98%
Anna
98%
Aurore
92%
Atchoum
85%
Anxiété
76%
Andy Davis
74%
Arlo
72%
Abu
71%
Archimède
34%
Antonio Madrigal
24%
Alberto Scorfano
22%
Angus
14%
Abby
10%
Amos Slade
6%
AUTO
6%
Amélia
5%
Amphitryon
5%
Alisha Hawthorne
1%
Aucun quiz correspondant
Distribution des résultats
% des personnes avec chaque résultat
Percentile par nombre de réponses
Votre historique - résultats
Vous n’avez pas pris ce quiz